000 00332 a2200157 4500
001 189669
020 _a85-08-06912-X
040 _cMagnum
100 _aJunqueira, Sonia
240 1 0 _aRegina e o mágico
_lpor
245 1 0 _aRegina e o mágico
300 _a23
362 0 _a1998
697 _aLITERATURA INFANTIL
942 _cBK
999 _c189669
_d189669